000 00984nam a2200253Ia 4500
003 OSt
005 20221005110321.0
006 a|||||r|||| 00| 0
007 ta
008 221004b |||||||| |||| 00| 0 hin d
020 _a9789383894352 (hbk)
_cINR 163.00
024 _a37382
037 _b389, 12/03/2018, Eastern Book Linkers
_cTextual
040 _aCRL
_cCRL
_bhin
041 _2hin
_ahin
082 _aP152, Q6
100 _aपांचाल, परमानन्द, ले.
245 0 _aहिन्दी भाषा
_b प्रासंगिकता और व्यापकता
246 _aHindī bhāṣhā: prāsangikatā aur vyāpakatā
260 _aनई दिल्ली
_bहिन्दी बुक सेंटर भारत
_c2016
300 _a378पृ0
_ccm.
942 _hP152, Q6
_cTEXL
_2cc
999 _c1018435
_d1018435